000 01410nam a2200433 a 4500
008 030925s2003||||xo a 0 slo c
020 _a8055105618
_c199
040 _aSNK
_bslo
_cSNK
_eAACR2
041 1 _aslo
_ager
044 _axo
_cSK
072 7 _a81
_2SNK
072 7 _a811.112.2
_2SNK
080 _a338.48
080 _a811.162.4
080 _a811.112.2
080 _a81'374
080 _a(038)
080 _a338.48(038)=112.2=162.4
080 _a379.85(038)=112.2=162.4
080 _a81`374.822=112.2=162.4
100 1 _aČierna, Mária
_4aut
245 1 0 _aCestovný slovensko-nemecký, nemecko-slovenský slovník
_c[Mária Čierna, Ladislav Čierny]
246 1 0 _aSlowakisch-deutsch, deutsch-slowakisches Reisewörterbuch
246 1 1 _aSlowakisch-deutsches, deutsch-slowakisches Reisewörterbuch
250 _a[1. vyd.]
260 _aBratislava
_bIkar
_c2003
300 _a594 s.
_bilustr.
_c15 cm
500 _aIlustr. na front.
650 0 7 _aruch cestovný
_xslovníky slovensko-nemecké
_xslovníky nemecko-slovenské
_2SNK
650 0 7 _aslovníky slovensko-nemecké
_xruch cestovný
_2SNK
650 0 7 _aslovníky nemecko-slovenské
_xruch cestovný
_2SNK
650 0 7 _acestovný ruch
_2SNK
650 0 7 _aslovenčina
_2SNK
650 0 7 _anemčina
_2SNK
650 0 7 _aJazykoveda. Jazyky
_2SNK
650 0 7 _aNemčina
_2SNK
700 1 _aČierny, Ladislav
_4aut
958 _aASL
999 _c19188
_d19188